Nearest Capital Cities - Statistics

General Stats
  • This quiz has been taken 59 times
  • The average score is 14 of 20
Answer Stats
city nearest capital % Correct
Edinburgh Dublin
94%
Calais London
90%
Marseille Monaco
88%
St Petersburg Helsinki
82%
Seville Lisbon
82%
Barcelona Andorra la Vella
80%
Frankfurt Luxembourg
78%
Dresden Prague
78%
Palermo Valletta
78%
Strasbourg Bern
73%
Venice Ljubljana
73%
Florence San Marino
73%
Gothenburg Copenhagen
69%
Milan Vaduz
63%
Geneva Bern
61%
Nuremburg Prague
57%
Dortmund Amsterdam
53%
Dubrovnik Podgorica
51%
Tórshavn Reykjavik
51%
Salzburg Ljubljana
35%
No matching quizzes found
Score Distribution
Percent of People with Each Score
Percentile by Number Answered
Your Score History
You have not taken this quiz